| 000 | 01005nam a2200241 a 4500 | ||
|---|---|---|---|
| 001 | 85939 | ||
| 003 | BD-RjUL | ||
| 005 | 20251111144721.0 | ||
| 008 | 251111s2025 bg ||||| |||| 00| 0 ben d | ||
| 020 |
_a9789849902959 : _cTk.550.00 |
||
| 035 | _a(BD-RjUL)85939 | ||
| 040 |
_aBD-RjUL _bben _cBD-RjUL _dBD-RjUL |
||
| 041 | _aben | ||
| 082 |
_223 _a891.441 _bDAM 2025 |
||
| 100 | 1 |
_aদত্ত, মাইকেল মধুসূদন _9125909 |
|
| 245 | 1 | 0 |
_aমেঘনাদবধ কাব্য / _cমাইকেল মধুসূদন দত্ত ; ভূমিকা ও সম্পাদনা মো. আসাদুজ্জামান খান |
| 260 |
_aঢাকা : _bসূর্যোদয় প্রকাশন, _c২০২৫ |
||
| 300 |
_a৪৪৭ পৃ. ; _c২২ সেমি. |
||
| 650 |
_aবাংলা কবিতা _9125910 |
||
| 650 |
_aBengali Poetry _9125911 |
||
| 700 |
_aখান, মো. আসাদুজ্জামান _97589 |
||
| 942 |
_2ddc _cBK |
||
| 999 |
_c85939 _d85939 |
||